Introduction of nodal segments and in vitro rooting of Apuleia leiocarpa (Registro n. 327911)
[ somente texto ]
| 000 -LÍDER | |
|---|---|
| fixed length control field | 04547nab a2200325 i 4500 |
| 003 - CÓDIGO MARC DA AGÊNCIA CATALOGADORA | |
| Campo de controle | BR-BrBNA |
| 005 - DATA E HORA DA ÚLTIMA ATUALIZAÇÃO | |
| Campo de controle | 20241002130351.0 |
| 008 - CAMPO DE TAMANHO FIXO | |
| fixed length control field | 241002b2020 bl.qr|pooa||| 00| 0 eng | |
| 040 ## - FONTE DA CATALOGAÇÃO | |
| Agência catalogadora | BR-BrBNA |
| Idioma da catalogação | eng |
| 072 ## - CATEGORIA AGRIS | |
| Código AGRIS | K10 |
| Código do objeto | 3290 |
| 072 ## - CATEGORIA AGRIS | |
| Código AGRIS | F02 |
| 100 ## - ENTRADA PRINCIPAL - NOME PESSOAL | |
| Nome pessoal | Lencina, Kelen Haygert |
| 100 ## - ENTRADA PRINCIPAL - NOME PESSOAL | |
| Nome pessoal | Avinio, Renata Smith |
| 100 ## - ENTRADA PRINCIPAL - NOME PESSOAL | |
| Nome pessoal | Fauerharmel, Mariana |
| 100 ## - ENTRADA PRINCIPAL - NOME PESSOAL | |
| Nome pessoal | Pimentel, Nathalia |
| 100 ## - ENTRADA PRINCIPAL - NOME PESSOAL | |
| Nome pessoal | Bisognin, Dilson Antônio |
| 245 ## - TÍTULO PRINCIPAL | |
| Título principal | Introduction of nodal segments and in vitro rooting of Apuleia leiocarpa |
| 500 ## - NOTA GERAL | |
| Nota geral | Publicação on-line; 27 ref.; 2 tables; 2 illus.; Summaries (En, Pt) |
| 942 ## - ADDED ENTRY ELEMENTS (KOHA) | |
| Koha item type | Analítica |
| 520 ## - NOTA DE RESUMO | |
| Nota de conteúdo | <br/><br/>Abstract<br/><br/>Apuleia leiocarpa Vogel J. F. Macbr. is a tree species native to Brazil that has high wood quality, and is<br/>currently threatened with extinction. Seminal seedlings of grápia are rarely commercialized, and vegetative<br/>propagation techniques, such as micropropagation, are considered as alternative methods for the<br/>production of grápia trees. However, there is a lack of available information about the in vitro introduction<br/>of nodal segments, and little information is available regarding in vitro rooting of grápia trees. As such,<br/>there are knowledge gaps that need to be addressed in order to define a micropropagation protocol for<br/>this species. Thus, the objective of this study was to evaluate different disinfestation solutions in the<br/>introduction of nodal segments and of different types and concentrations of auxins in the in vitro rooting<br/>of grápia explants. For the introduction of nodal segments, different types of disinfestation solutions and<br/>immersion times were evaluated. For rooting, different concentrations and types of auxins were evaluated.<br/>The best disinfestation treatment was found to be immersion in sodium hypochlorite (NaOCl) solution<br/>with 2.5% active chlorine for 5 minutes. For rooting, treatment with 1.0 mg L-1 of naphthalene acetic acid<br/>(NAA, C10H7 CH2 CO2H) resulted in the highest rates of adventitious rooting. Grápia nodal segments can<br/>be established in vitro, and provide a good source of propagules for micropropagation, and rooting can be<br/>favored through the application of NAA.<br/><br/>Keywords: Asepsis; Auxin; Micropropagation; Grápia |
| 520 ## - NOTA DE RESUMO | |
| Nota de conteúdo | <br/><br/>Resumo<br/><br/>Apuleia leiocarpa Vogel J. F. Macbr. é uma espécie arbórea nativa do Brasil que possui madeira de alta<br/>qualidade e, atualmente, se encontra ameaçada de extinção. Mudas seminais de grápia dificilmente<br/>são comercializadas, sendo técnicas de propagação vegetativa, a exemplo da micropropagação, uma<br/>alternativa a ser considerada para produção de mudas. No entanto, há uma falta de informação disponível<br/>sobre a introdução in vitro de segmentos nodais e pouca informação está disponível sobre o enraizamento<br/>adventício de grápia. Como tal, existem lacunas de conhecimento que precisam ser abordadas para definir<br/>um protocolo de micropropagação para essa espécie. Assim, o objetivo deste estudo foi avaliar diferentes<br/>soluções de desinfestação na introdução de segmentos nodais e de diferentes tipos e concentrações de<br/>auxinas no enraizamento in vitro de explantes de grápia. Para a introdução, foram testados diferentes<br/>tipos de solução de desinfestação e tempos de imersão. Para o enraizamento, foram avaliadas diferentes<br/>concentrações e tipo de auxina. O melhor tratamento de desinfestação foi a imersão em solução de<br/>hipoclorito de sódio (NaOCl) a 2,5% de cloro ativo por 5 minutos. Para o enraizamento, o tratamento<br/>com 1,0 mg L-1 de ácido naftalenoacético (ANA, C10H7 CH2 CO2 H) resultou nas maiores taxas enraizamento<br/>adventício. Os segmentos nodais de grápia podem ser estabelecidos in vitro, consistindo em boa fonte de<br/>propágulos para a micropropagação, e o enraizamento pode ser favorecido pela aplicação de ANA.<br/><br/>Palavras-chave: Assepsia; Auxina; Micropropagação; Grápia |
| 650 ## - ASSUNTO - THESAGRO | |
| Cabeçalho tópico ou nome geográfico | APULEIA LEIOCARPA |
| 650 ## - ASSUNTO - THESAGRO | |
| Cabeçalho tópico ou nome geográfico | DESINFECÇÃO |
| 650 ## - ASSUNTO - THESAGRO | |
| Cabeçalho tópico ou nome geográfico | AUXINA |
| 650 ## - ASSUNTO - THESAGRO | |
| Cabeçalho tópico ou nome geográfico | MICROPROPAGAÇÃO |
| 650 ## - ASSUNTO - THESAGRO | |
| Cabeçalho tópico ou nome geográfico | GRAPIAPUNHA |
| 773 0# - ENTRADA ANALÍTICA | |
| Host Biblionumber | 4065 |
| Registro do item | 317480 |
| Imprenta | Santa Maria-RS Universidade Federal de Santa Maria - Centro de Pesquisas Florestais.Departamento de Ciências Florestais. Programa de Pós-Graduação em Engenharia Florestal 1991 |
| Outro identificador | 2024-4172 |
| Título | Ciência Florestal (Brazil) |
| ISSN | 0103-9954; 1980-5098 (on-line) |
| Colação | v. 30(4) p. 1290-1298; (Oct-Dec 2020) |
| Número de controle de registro | BR2023001821 |
| 856 ## - ACESSO E ENDEREÇO ELETRÔNICO | |
| Identificador uniforme de recurso - URI | https://www.scielo.br/j/cflo/a/tkMzBSLwSmgzxzHXp9mCKWn/?format=pdf&lang=en |
Nenhum exemplar disponível.

BINAGRI